Giáo trình tiếng việt và tiếng việt thực hành

সংরক্ষণ করুন:
গ্রন্থ-পঞ্জীর বিবরন
প্রধান লেখক: Lã Thị Bắc Lý
বিন্যাস: গ্রন্থ
প্রকাশিত: Hà Nội ĐH Sư phạm 2015
সংস্করন:In lần thứ tám
ট্যাগগুলো: ট্যাগ যুক্ত করুন
কোনো ট্যাগ নেই, প্রথমজন হিসাবে ট্যাগ করুন!
Thư viện lưu trữ: Trung tâm Học liệu Lê Vũ Hùng, Trường Đại học Đồng Tháp
LEADER 00664pam a22001818a 4500
001 00038552
005 20171026081025.0
008 170516s2015 ||||||Viesd
041 0 # |a Vie 
082 1 4 |a 495.922  |b GI108TR 
100 1 # |a Lã Thị Bắc Lý 
245 1 0 |a Giáo trình tiếng việt và tiếng việt thực hành  |c Lã Thị Bắ Lý...[và các tác giả khác] 
250 # # |a In lần thứ tám 
260 # # |a Hà Nội  |b ĐH Sư phạm  |c 2015 
300 # # |a 174 tr.  |c 24 cm 
852 # # |b Kho đọc  |j KD.1001300 
910 |d 16/05/2017 
980 # # |a Trung tâm Học liệu Lê Vũ Hùng, Trường Đại học Đồng Tháp